00323nam a22001097a 450000500170000000800410001708200150005824500460007326000640011930000120018365000180019520240131235157.0240131b |||||||| |||| 00| 0 eng d 222a305.8. aEthnic identity and the status of women : aSri Lanka,bInternational Centre for ethnic studies,c1984. a 26 p., aSocial class.